000 00612nam a22002057a 4500
008 151022b xxu||||| |||| 00| 0 eng d
020 _a0131831771
041 0 _aeng
080 _a339.138
100 1 _aUrban, Glen L.
245 1 0 _aDigital marketing strategy :
_cGlen L. Urban.
260 _aUpper Saddle River, N.J. :
_bPearson Prentice Hall,
_c2004.
300 _axvii, 195 f. :
_bme il.;
_c25 cm.
650 0 _aMarketing
650 0 _aTregëtia elektronike
650 0 _aInternet marketing.
650 0 _aSjellja e konsumatorëve
650 0 _aPlanifikim strategjik
942 _2udc
_cBK
999 _c1331
_d1331